Định thức Wronski và ứng dụng
Kiến thức cơ bản. Định thức Wronski suy rộng. Ứng dụng phần mềm Mathcad 7.0 cho định thức Wronski
Na minha lista:
| Autor principal: | |
|---|---|
| Outros Autores: | |
| Formato: | Livro |
| Idioma: | Vietnamese |
| Publicado em: |
Đà Nẵng
Đại học Đà Nẵng
2014
|
| Assuntos: | |
| Tags: |
Adicionar Tag
Sem tags, seja o primeiro a adicionar uma tag!
|
| Thư viện lưu trữ: | Mạng thư viện Đại học Đà Nẵng |
|---|
| LEADER | 01440nam a2200337 4500 | ||
|---|---|---|---|
| 001 | 000020001 | ||
| 003 | 16442 | ||
| 005 | 20150309160317.0 | ||
| 008 | 141217s2014 viesd | ||
| 041 | |a vie | ||
| 082 | 1 | 4 | |a 515.355 |b PH-L |
| 100 | 1 | |a Phan Trí Lý | |
| 245 | 1 | |a Định thức Wronski và ứng dụng |c Phan Trí Lý ; Lê Hải Trung hướng dẫn. |k Luận văn Thạc sĩ | |
| 260 | |a Đà Nẵng |b Đại học Đà Nẵng |c 2014 | ||
| 300 | |a 78 tr., phụ lục 3 tr. |c 29 cm. |e Tóm tắt | ||
| 500 | |a Luận văn thạc sĩ Khoa học. Chuyên ngành: Phương pháp toán sơ cấp. Mã số: 60.46.40. | ||
| 520 | 3 | |a Kiến thức cơ bản. Định thức Wronski suy rộng. Ứng dụng phần mềm Mathcad 7.0 cho định thức Wronski | |
| 650 | 0 | 4 | |a Định thức wronski |v Luận văn tốt nghiệp |x Ứng dụng |
| 653 | |a Định thức Wronski | ||
| 653 | |a Toán học | ||
| 700 | 1 | |a Lê Hải Trung |c TS. |e Hướng dẫn | |
| OWN | |a LSP | ||
| AVA | |a UDN50 |b LSP |d 515.355 PH-L |e available |t Error 5001 Not defined in file expand_doc_bib_avail. |f 1 |g 0 |h N |i 0 |k 1 | ||
| 999 | |a From the UDN01 | ||
| AVA | |a UDN50 |b LSP |d 515.355 PH-L |e available |t Error 5001 Not defined in file expand_doc_bib_avail. |f 1 |g 0 |h N |i 0 |k 1 | ||
| TYP | |a Monograph | ||
| TYP | |a Printed language | ||
| 980 | |a Mạng thư viện Đại học Đà Nẵng | ||